00641nam a2200205Ia 450000500170000000800410001702000180005804000180007604100080009408200210010210000150012324500980013825000120023626000410024830000290028965000250031865000340034365000300037765000280040720220128131719.0210716s2010 xx 000 0 und d a9788178298757 cAIMIT LIBRARY aeng a001.42221bISRD aIsrael, D. aData analysis in business research : ba step by step non parametric approach /cBy D. Israel a1st ed. aNew Delhi :bResponse Books ,c2010. axxxii, i281p ;c24.5 cm. aResearch Methodology aTwo Independent Samples Tests aTwo Related Samples Tests aK Related Samples Tests